00613nam a2200181Ia 4500008004100000020001500041050001400056100002100070245004900091245007200140260003100212260001800243260000900261300001400270300002500284999001900309952010300328180207s9999 xx 000 0 und d a9715082572 bV718 1980 aVillanueva, Rene aSi Emang engkantada at ang tatlong haragan / cRene Villanueva ; drawing by Alfonso Oñate and Wilfredo Pollarco. aQuezon City, Philippines : bAdarna House, c1980 aunpaged : bcolor illustration ; c355284d355284 001040aSSISMbSSISMd2018-02-07l0oER V718 1980pSSISM4829r2018-02-07 00:00:00w2018-02-07yBK